000 00308pam a2200133 a 4500
020 _c
041 _h
082 _a750
_bGAL
245 _aArts Of Bengal
_bArts Of Bengal
_hTextual Documents
250 _a1980.
260 _a[s.l]:
_bWhitechapel Art Gallery London
300 _a80:
_bpaper.
930 _a2577
999 _c236367
_d236367